00549cam a22002177a 4500003000500000005001700005008004100022010001000063011001000073035001000083040000900093082001400102100002000116245002600136260004200162300003100204490003100235650001100266650002300277830003100300CHAP20220329135025.0971013s1976 r 00010 d a29706 a30678 a34790 cCHAP a589.3bL400aLewin, Ralph A.14aThe genetics of algae aLondon :bBlackwell Scientific,c1976 a360 p.b: ilus. ; gráfs. 0aBotanical monographsv; 1214aAlgas.14aAlgasxGenética.0 aBotanical monographsv; 12